Cost accounting : (Record no. 2981)

MARC details
000 -LEADER
fixed length control field 02020cam a22001814a 4500
020 ## - INTERNATIONAL STANDARD BOOK NUMBER
ISBN 0131495380
050 00 - CALL NUMBER
Classification number HF5686.C8
Item number H59 2006
100 1# - AUTHOR
Personal name Horngren, Charles T.,
245 10 - TITLE
Title Cost accounting :
Remainder of title a managerial emphasis /
Statement of responsibility, etc Charles T. Horngren, Srikant M. Datar, George Foster.
250 ## - EDITION
Edition statement 12th ed.
260 ## - PUBLICATION INFORMATION
Place of publication Upper Saddle River, NJ :
Name of publisher Pearson Prentice Hall,
Year of publication c2006.
300 ## - DESCRIPTION
Number of Pages xxviii, 868 p. :
Other physical details ill. (some col.) ;
Dimensions 29 cm.
505 ## - FORMATTED CONTENTS NOTE
Table of Content pt. 1. Cost accounting fundamentals --<br/>The accountant's role in the organization --<br/>An introduction to cost terms and purposes --<br/>Cost volume-profit analysis --<br/>Job costing --<br/>Activity-based costing and activity-based management --<br/>pt. 2. Tools for planning and control --<br/>Master budget and responsibility accounting --<br/>Flexible budgets, direct-cost variances, and management control --<br/>Flexible budgets, overhead cost variances, and management control --<br/>Inventory costing and capacity analysis --<br/>pt. 3 Cost information for decisions --<br/>Determining how costs behave --<br/>Decision making and relevant information --<br/>Pricing decisions and cost management --<br/>pt. 4. Cost allocation and revenues --<br/>Strategy, balanced scorecard, and strategic profitability analysis --<br/>Cost allocation, customer-profitability analysis, and sales-variance analysis --<br/>pt. 5. Quality and JIT --<br/>Allocation of support-department costs, common costs, and revenues --<br/>Cost allocation : joint products and byproducts --<br/>Process costing --<br/>Spoilage, rework, and scrap --<br/>Balanced scorecard : quality, time, and the theory of constraints --<br/>Inventory management, Just-in-time, and backflush costing --<br/>pt. 6. Investment decisions and management control systems --<br/>Capital budgeting and cost analysis --<br/>Management control systems, transfer pricing, and multinational considerations --<br/>Performance measurement, compensation, and multinational considerations.
650 #0 - SUBJECTS
Topical Term Cost accounting.
700 1# - OTHER AUTHORS
Personal name Datar, Srikant M.
700 1# - OTHER AUTHORS
Personal name Foster, George.
942 ## - ADDED ENTRY ELEMENTS (KOHA)
Koha item type Books
Holdings
Withdrawn status Lost status Collection code Home library Current library Shelving location Date acquired Full call number Accession Number Koha item type
    Reference Methodist University Library Main Methodist University Library Main General Stacks 01/09/2008 HF5686.C8 H59 2006 15920 Books
Copyright © 2026  MUG Library